<?xml version="1.0" encoding="UTF-8"?>
<record
    xmlns:xsi="http://www.w3.org/2001/XMLSchema-instance"
    xsi:schemaLocation="http://www.loc.gov/MARC21/slim http://www.loc.gov/standards/marcxml/schema/MARC21slim.xsd"
    xmlns="http://www.loc.gov/MARC21/slim">

  <leader>01968nam a22001577a 4500</leader>
  <datafield tag="999" ind1=" " ind2=" ">
    <subfield code="c">528042</subfield>
    <subfield code="d">528042</subfield>
  </datafield>
  <controlfield tag="008">241105b           ||||| |||| 00| 0 eng d</controlfield>
  <datafield tag="100" ind1=" " ind2=" ">
    <subfield code="a">Asikullah, F., Chakma, P. Hossain, S.F.A. and Hussain, K. </subfield>
    <subfield code="9">59415</subfield>
  </datafield>
  <datafield tag="245" ind1=" " ind2=" ">
    <subfield code="a">Evaluating employee motivation and productivity in Bangladesh during the post-pandemic era</subfield>
  </datafield>
  <datafield tag="260" ind1=" " ind2=" ">
    <subfield code="a">Management and Labour Studies </subfield>
  </datafield>
  <datafield tag="300" ind1=" " ind2=" ">
    <subfield code="a">49(3), Aug, 2024: p.456-476</subfield>
  </datafield>
  <datafield tag="520" ind1=" " ind2=" ">
    <subfield code="a">In Bangladesh, improving the productivity of ready-made garment (RMG) factory workers has always been an uphill task, and this has assumed greater proportions after the COVID-19 pandemic. The present study explores the effect of welfare facilities and human resource management practices on the motivation and productivity of RMG workers during the pandemic. On the basis of an advanced statistical analysis, the study accepted all hypotheses proposed to highlight the significant impact of human resource management practices and welfare facilities on the motivation and productivity of workers. Both of these factors showed an association with employee productivity through employee motivation, which proved to be a partial mediator. Moreover, the authenticity of the study was supported by the confirmatory factor analysis (CFA) and the structural equation model (SEM), which were represented based on model fit exponents, composite reliability, convergent validity and discriminant validity. The study helps develop an understanding of theoretical and managerial implications, which can assist RMG factory owners, managers, stakeholders and policymakers to motivate workers and improve their productivity.- Reproduced 

https://journals.sagepub.com/doi/full/10.1177/0258042X231220489#tab-contributors
</subfield>
  </datafield>
  <datafield tag="650" ind1=" " ind2=" ">
    <subfield code="a">Employee motivation, employee productivity, Partial medication, Human resource management, Welfare faculties, RMG sector, Post-Covid-19.</subfield>
    <subfield code="9">48564</subfield>
  </datafield>
  <datafield tag="773" ind1=" " ind2=" ">
    <subfield code="a">Management and Labour Studies </subfield>
  </datafield>
  <datafield tag="906" ind1=" " ind2=" ">
    <subfield code="a">MOTIVATION</subfield>
  </datafield>
  <datafield tag="942" ind1=" " ind2=" ">
    <subfield code="c">AR</subfield>
  </datafield>
  <datafield tag="952" ind1=" " ind2=" ">
    <subfield code="0">0</subfield>
    <subfield code="1">0</subfield>
    <subfield code="2">ddc</subfield>
    <subfield code="4">0</subfield>
    <subfield code="7">0</subfield>
    <subfield code="9">403121</subfield>
    <subfield code="a">IIPA</subfield>
    <subfield code="b">IIPA</subfield>
    <subfield code="d">2024-11-05</subfield>
    <subfield code="h">49(3), Aug, 2024: p.456-476</subfield>
    <subfield code="p">AR133470</subfield>
    <subfield code="r">2024-11-05</subfield>
    <subfield code="y">AR</subfield>
  </datafield>
</record>
